<The> Georgian hyperinflation and stabilization

Gespeichert in:
Bibliographische Detailangaben
1. Verfasser: Wang, Jian-Ye
Format: Buch
Sprache:Englisch
Veröffentlicht: Washington International Monetary Fund 1999
Schriftenreihe:IMF working paper WP/99/65
Schlagworte:
Tags: Tag hinzufügen
Keine Tags, Fügen Sie das erste Tag hinzu!

MARC

LEADER 00000nam a2200000 4500
001 c116326
005 20221221082500.3
041 0 |a eng 
044 |a US 
245 1 0 |a <The> Georgian hyperinflation and stabilization  |c Prepared by Jian-Ye Wang 
264 1 |a Washington  |b International Monetary Fund  |c 1999 
300 |a 34 s. 
490 1 |a IMF working paper  |v WP/99/65 
830 0 |a IMF working paper  |v WP/99/65 
610 2 0 |a inflácia 
610 2 0 |a stabilizácia hospodárstva 
610 2 0 |a kurz devízový 
610 2 0 |a rast hospodársky 
610 2 0 |a politika finančná 
610 2 0 |a reformy menové 
610 2 0 |a modely 
100 1 |a Wang, Jian-Ye